The Witcher 3 characters - Statistics

General Stats
  • This quiz has been taken 117 times
  • The average score is 35 of 112
Answer Stats
Answer % Correct
Cirilla
99%
Geralt of Rivia
96%
Triss Merigold
92%
Yennefer of Vengerberg
91%
The Bloody Baron
88%
Dandelion
84%
Ves
84%
Vesemir
81%
Eskel
72%
Lambert
72%
Zoltan Chivay
70%
Dijkstra
69%
Emhyr var Emreis
69%
Eredin
68%
Anna Strenger - Gran
66%
Keira Metz
66%
Vernon Roche
66%
Crach an Craite
65%
Philippa Eilhart
65%
Cerys an Craite
64%
Avallac'h - The Mysterious Elf
61%
Radovid V the Stern
61%
Gaunter O'Dimm - Master Mirror
58%
Hjalmar an Craite
57%
Olgierd von Everec
55%
Emiel Regis Rohellec Terzieff-Godefroy
53%
Letho
53%
Anna Henrietta
51%
Fringilla Vigo
51%
Shani
50%
Dettlaff van der Eretein
47%
Imlerith
47%
Caranthir
46%
Margarita Laux-Antille
46%
Whoreson Junior
46%
Tamara Strenger
43%
Priscilla
42%
Syanna
42%
Blueboy Lugos
41%
Dudu Biberveldt
39%
Iris von Everec
39%
Madman Lugos
39%
Ermion
35%
Francis Bedlam, the King of Beggars
35%
Uma
35%
Cleaver
32%
Bran Tuirseach
31%
Thaler
31%
Brewess
27%
Johnny
27%
Weavess
27%
Birna Bran
26%
Roach
26%
Whispess
26%
Vlodimir von Everec
24%
Damien de la Tour
23%
Svanrige an Tuirseach
23%
Caleb Menge
22%
Morvran Voorhis
22%
Síle de Tansarville
22%
Skjall
22%
Udalryk
19%
Orianna
18%
Bart the Troll
16%
Lady of the Lake
16%
Milton de Peyrac-Peyran
16%
Palmerin de Launfal
16%
The Unseen Elder
16%
Ge'els
15%
Vigi the Loon
15%
Corinne Tilly
14%
Horst Borsodi
14%
Irina Renarde
14%
Vivienne de Tabris
14%
Guillaume de Launfal
12%
Hendrik
12%
Vimme Vivaldi
12%
Donar an Hindar
11%
Ewald Borsodi - Stranger
11%
Joachim von Gratz
11%
Nathaniel Pastodi
11%
Barnabas-Basil Foulty
8%
Folan
8%
The Pellar
8%
Arnvald
7%
Chappelle
7%
Elihal
7%
Graden
7%
Hubert Rejk
7%
Bootblack
5%
Felicia Cori
5%
Graham
5%
Holger Blackhand
5%
Vserad
5%
Anabelle
4%
Auberon Muircetach
4%
Eveline Gallo
4%
Hjort
4%
Professor Shakeslock
4%
Casimir Bassi
3%
Fugas
3%
Quinto
3%
The Black Cat and Dog
3%
The Mad Castaway of Undvik
3%
Carduin of Lan Exeter
1%
Hugo Hoff
1%
Louisa la Valette
1%
The Ghost in the Tree
1%
The Hermit at Lac Célavy
1%
Hjalborn
0%
Otrygg an Hindar
0%
Tavar Eggebracht
0%
No matching quizzes found
Score Distribution
Percent of People with Each Score
Percentile by Number Answered
Your Score History
You have not taken this quiz